000 00238nam a2200097Ia 4500
001 805569
005 20250826171155.0
008 250824s9999 xx 000 0 und d
245 0 _aBOŞLUK
_cAHMED GÜNBAY YILDIZ
260 _bTİMAŞ YAYINLARI
999 _c805569
_d805569